000
00321nam a2200109Ia 4500
008
160531s9999 xx 000 0 und d
100
_a
Ivanov, Volodymyr.
245
_a
Environmental Microbiology For Engineers
245
_c
By:Volodymyr Ivanov
260
_c
2011
856
_u
http://file.ebook777.com/004/EnvMicForEng.pdf
999
_c
295516
_d
295516